书目信息 |
| 题名: |
中国人的四十年影像志
|
|
| 作者: | 王福春 著 ;王诗戈 翻译 | |
| 分册: | ||
| 出版信息: | 北京 北京美术摄影出版社 2019 |
|
| 页数: | 22,199页 | |
| 开本: | 24×24cm | |
| 丛书名: | ||
| 单 册: | ||
| 中图分类: | J423 | |
| 科图分类: | ||
| 主题词: | 人像摄影--ren xiang she ying--中国--现代--摄影集 | |
| 电子资源: | ||
| ISBN: | 978-7-5592-0266-6 | |
| 000 | 01044nam0 2200265 450 | |
| 001 | 2133110503 | |
| 005 | 20211025190356.0 | |
| 010 | @a978-7-5592-0266-6@b精装@dCNY298.00 | |
| 100 | @a20200408d2019 em y0chiy50 ea | |
| 101 | 2 | @achi@aeng@cchi |
| 102 | @aCN@b110000 | |
| 105 | @aa z 000yy | |
| 106 | @ar | |
| 200 | 1 | @a中国人的四十年影像志@Azhong guo ren de si shi nian ying xiang zhi@d40 years' image records of Chinese people@e汉英对照@f王福春著@zeng |
| 210 | @a北京@c北京美术摄影出版社@d2019 | |
| 215 | @a22,199页@c图@d24×24cm | |
| 314 | @a版权页题:王诗戈翻译 | |
| 330 | @a本书以改革开放40周年为契机,从一个既是旁观者又是一个参与者的视角,运用传统的光影技术,记录了改革开放以来历史的发展、社会的变迁以及中国人生活的变化。 | |
| 510 | 1 | @a40 years' image records of Chinese people@zeng |
| 606 | 0 | @a人像摄影@Aren xiang she ying@y中国@z现代@j摄影集 |
| 690 | @aJ423@v5 | |
| 701 | 0 | @a王福春@Awang fu chun@f(1943- )@4著 |
| 702 | 0 | @a王诗戈@Awang shi ge@4翻译 |
| 801 | 0 | @aCN@b百万庄@c20211025 |
| 905 | @b1312270-71@dJ423@e470@f2 | |
| 中国人的四十年影像志=40 years' image records of Chinese people:汉英对照/王福春著.-北京:北京美术摄影出版社,2019 |
| 22,199页:图;24×24cm |
| ISBN 978-7-5592-0266-6(精装):CNY298.00 |
| 本书以改革开放40周年为契机,从一个既是旁观者又是一个参与者的视角,运用传统的光影技术,记录了改革开放以来历史的发展、社会的变迁以及中国人生活的变化。 |
| ● |
| 相关链接 |
|
|
|
|
正题名:中国人的四十年影像志
索取号:J423/470
 
预约/预借
| 序号 | 登录号 | 条形码 | 馆藏地/架位号 | 状态 | 备注 |
| 1 | 1312270 | 213122707 | 第一样本阅览室/ [索取号:J423/470] | 在馆 | |
| 2 | 1312271 | 213122716 | 第一借阅区/ [索取号:J423/470] | 在馆 |